000 00584nam a2200181Ia 4500
008 151202s9999||||xx |||||||||||||| ||und||
082 _bPNVM-50988
100 _aकोल्हटकर उषादेवी.
245 _aकन्फेशन.
260 _b"स्नेहल प्रकाशन,पुणे."
260 _c50988
300 _a108
600 _aकोल्हटकर उषादेवी.
630 _aकन्फेशन.
700 _aकोल्हटकर उषादेवी.
730 _aकन्फेशन.
942 _cBOOK
999 _c1317529
_d1317526